000 01067cam a22003014a 4500
001 14364258
003 mut
005 20240606081305.0
008 060504s2007 njua b 001 0 eng
010 _a 2006044808
020 _a0132279428
040 _aDLC
_cmut
042 _apcc
050 0 0 _aRA410
_b.F65 2007
082 0 0 _a338.4/33621
_222
100 1 _aFolland, Sherman.
245 1 4 _aThe economics of health and health care /
250 _a5th ed.
260 _aUpper Saddle River, NJ :
_bPearson Prentice Hall,
_cc2007.
300 _axxvii, 607 p. :
_bill. ;
_c26 cm.
504 _aIncludes bibliographical references (p. 566-593) and index.
650 0 _aMedical economics.
700 1 _aGoodman, Allen C.
700 1 _aStano, Miron.
906 _a7
_bcbc
_corignew
_d1
_eocip
_f20
_gy-gencatlg
942 _2lcc
_cBK
999 _c14094
_d14094